| 000 | 00388nam a2200133Ia 4500 | ||
|---|---|---|---|
| 008 | 220217s9999||||xx |||||||||||||| ||und|| | ||
| 020 | _a81-203-2578-4 | ||
| 082 | _a620.01 GOV | ||
| 100 | _aGovindarajan, M. Natarajan, S. & Senthilkumar | ||
| 245 | 0 | _aEngineering Ethics | |
| 260 |
_aPrentice hall of india _bNew Delhi _c2007 |
||
| 300 | _b150 | ||
| 650 |
_aENGINEERING ETHICS _93047 |
||
| 999 |
_c177071 _d177071 |
||